Normal view
MARC view
Entry Personal Name
001 - CONTROL NUMBER
- control field: 253666
003 - CONTROL NUMBER IDENTIFIER
- control field: OSt
005 - DATE AND TIME OF LATEST TRANSACTION
- control field: 20260203154513.0
008 - FIXED-LENGTH DATA ELEMENTS
- fixed length control field: 260203|| aca||aabn | a|a d
040 ## - CATALOGING SOURCE
- Original cataloging agency: OSt
- Transcribing agency: OSt
100 ## - HEADING--PERSONAL NAME
- Personal name: PRAHLADA RAV
- Dates associated with a name: ಪ್ರಹ್ಲಾದ ರಾವ್
670 ## - SOURCE DATA FOUND
- Source citation: Work cat.: (OSt)143213: VENKATARAMAPPA (K) ವೆಂಕಟರಾಮಪ್ಪ (ಕೆ) 253663, Rajasuya, 1949